| Tag |
First Indicator |
Second Indicator |
Subfields |
| LEADER |
00000cam a2200000 a 4500 |
| 001 |
in00000026809 |
| 005 |
20151007054544.0 |
| 008 |
860108r1987 nyua j 00011 eng |
| 010 |
|
|
|a 86000037
|
| 020 |
|
|
|a 0027330907 :
|c $13.95
|
| 035 |
|
|
|a (OCoLC)13093842
|
| 035 |
|
|
|9 AAB5487AM
|
| 040 |
|
|
|a DLC
|c DLC
|d TXA
|d UtOrBLW
|
| 049 |
|
|
|a [Curr Col] TXAM
|c [A11115027]
|
| 050 |
0 |
0 |
|a PZ7.D7824
|b Ak 1987
|
| 082 |
0 |
|
|a [E]
|2 19
|
| 100 |
1 |
|
|a Dragonwagon, Crescent.
|
| 245 |
1 |
0 |
|a Alligator arrived with apples :
|b a potluck alphabet feast /
|c by Crescent Dragonwagon ; pictures by Jose Aruego & Ariane Dewey.
|
| 250 |
|
|
|a 1st American ed.
|
| 264 |
|
1 |
|a New York :
|b Macmillan,
|c [1987]
|
| 264 |
|
4 |
|c ©1987
|
| 300 |
|
|
|a 40 unnumbered pages :
|b color illustrations ;
|c 21 x 26 cm.
|
| 336 |
|
|
|a text
|b txt
|2 rdacontent
|
| 337 |
|
|
|a unmediated
|b n
|2 rdamedia
|
| 338 |
|
|
|a volume
|b nc
|2 rdacarrier
|
| 520 |
|
|
|a From Alligator's apples to Zebra's zucchini, a multitude of alphabetical animals and foods celebrate Thanksgiving with a grand feast.
|
| 650 |
|
1 |
|a Alphabet.
|
| 650 |
|
1 |
|a Animals
|x Fiction.
|
| 650 |
|
1 |
|a Thanksgiving Day
|x Fiction.
|
| 700 |
1 |
|
|a Aruego, Jose,
|e illustrator.
|
| 700 |
1 |
|
|a Dewey, Ariane,
|e illustrator.
|
| 999 |
|
|
|a MARS
|
| 999 |
f |
f |
|s f614aea3-c8f7-3a7e-8bcf-f1d8c6f52865
|i 40910def-3315-32b2-a908-e2fb761b4b43
|t 0
|
| 952 |
f |
f |
|p ric
|a Texas A&M University
|b Rellis Campus
|c Joint Library Facility
|d Remote Storage
|t 0
|e PZ7.D7824 Ak 1987
|h Library of Congress classification
|i unmediated -- volume
|m A14811115027
|
| 998 |
f |
f |
|a PZ7.D7824 Ak 1987
|t 0
|l Remote Storage
|